| 000 | 00602nam a2200181Ia 4500 | ||
|---|---|---|---|
| 008 | 100917s9999 xx 000 0 und d | ||
| 082 | _b59026 | ||
| 100 | _aकेळकर ग. म. | ||
| 245 | _aयुध्दकथा अिग्नदिव्य | ||
| 260 |
_bश्री शिक्त प्रकाशन _c--- |
||
| 300 | _a59 | ||
| 365 | _b7 | ||
| 520 | _aबालविभाग | ||
| 630 | _aयुध्दकथा अिग्नदिव्य | ||
| 650 | _aबालविभाग | ||
| 730 | _aयुध्दकथा अिग्नदिव्य | ||
| 942 | _cBOOK | ||
| 999 |
_c664420 _d664417 |
||